000 00718cam a22002657a 4500
003 CHAP
005 20220329141755.0
008 971013s1946 r 00010 d
010 _a73590
011 _a74562
035 _a84121
040 _cCHAP
082 _a634.23
_bG37 1946
100 0 0 _aGardner, Victor Ray.
_946856
245 1 4 _aThe cherry and its culture
250 _a(2 ed.)
260 _aNew York :
_bOrange Judd,
_c1946
300 _a146 p.
_b: ilus.
590 _aBATCH-UPD
_b10
_c20130110
_lUCH01
_h0726
590 _aCONVERSION
_b10
_c20130109
_lUCH01
_h1340
650 1 4 _aCereza.
_921492
901 _aBK
942 _cLIBRO
949 _a634.23 G37 1946
_bBC
_cLIBRO
_d-39279
_eLIBRO
_h22969
_i84121
_si
999 _c73590
_d73590